000 00376nam a22001337a 4500
999 _c57828
_d57828
005 20210118122647.0
008 201224s2019 ru ||||| |||| 00| 0 rus d
040 _c
041 _arus
245 _aРеферативный журнал /
_b2019 .
260 _aМосква,
_c2019.
653 _aელექტრონული ჟურნალი
942 _2udc
_cBK